000 00789cam a22002771 4500
999 _c8687
_d8687
001 8687
003 BD-JhCC
005 20180301114049.0
008 730306s1964 ilua b 000 0 eng
035 _a(BD-JhCC)8687
035 _a(OCoLC)569965
040 _aDLC
_cODaWU
_dOCoLC
_dDLC
_dBD-JhCC
041 _aeng
050 0 0 _aUA23
_b.Q3
082 _a355.018
_bQUA 1964
100 1 _aQuade, E. S.
_q(Edward S.)
245 1 0 _aAnalysis for military decisions.
_cEdited by E. S. Quade.
260 _aChicago,
_bRand McNally,
_c1964.
300 _avii, 382 p.
_billus.
_c23 cm.
440 4 _aThe Rand lectures on systems analysis
504 _aBibliography: p. 362-363.
650 0 _aSystem analysis.
651 0 _aUnited States
_xMilitary policy.
942 _2ddc
_cBK